| Tag |
First Indicator |
Second Indicator |
Subfields |
| LEADER |
00000cam a2200000 a 4500 |
| 001 |
in00001703545 |
| 005 |
20151024161735.0 |
| 008 |
020805s2002 enk 001 0 eng |
| 010 |
|
|
|a 2001099634
|
| 020 |
|
|
|a 0754607801
|
| 035 |
|
|
|a (OCoLC)ocm49640264
|
| 040 |
|
|
|a UKM
|c UKM
|d CUS
|d TXA
|d UtOrBLW
|
| 049 |
|
|
|a TXAM
|
| 082 |
0 |
0 |
|a 821.0409928709032
|2 21
|
| 090 |
|
|
|a PR535.W6
|b H36 2002
|
| 100 |
1 |
|
|a Hammons, Pamela S.
|
| 245 |
1 |
0 |
|a Poetic resistance :
|b English women writers and the early modern lyric /
|c Pamela S. Hammons.
|
| 264 |
|
1 |
|a Aldershot ;
|a Burlington, VT :
|b Ashgate,
|c [2002]
|
| 264 |
|
4 |
|c ©2002
|
| 300 |
|
|
|a ix, 188 pages ;
|c 23 cm.
|
| 336 |
|
|
|a text
|b txt
|2 rdacontent
|
| 337 |
|
|
|a unmediated
|b n
|2 rdamedia
|
| 338 |
|
|
|a volume
|b nc
|2 rdacarrier
|
| 490 |
1 |
|
|a [Women and gender in the early modern world]
|
| 504 |
|
|
|a Includes bibliographical references and index.
|
| 650 |
|
0 |
|a English poetry
|y Early modern, 1500-1700
|x History and criticism.
|
| 650 |
|
0 |
|a English poetry
|x Women authors
|x History and criticism.
|
| 650 |
|
0 |
|a Government, Resistance to, in literature.
|
| 830 |
|
0 |
|a Women and gender in the early modern world.
|
| 948 |
|
|
|a cataloged
|b h
|c 2002/10/9
|d c
|e dmitchel
|f 1:24:28 pm
|
| 994 |
|
|
|a E0
|b TXA
|
| 999 |
|
|
|a MARS
|
| 999 |
f |
f |
|s 7b6ffc0c-efed-333a-ad71-b7a55875b9bd
|i c4c0730e-a842-3ce7-9e07-68884856ab5f
|t 0
|
| 952 |
f |
f |
|p normal
|a Texas A&M University
|b College Station
|c Sterling C. Evans Library
|d Evans: Library Stacks
|t 0
|e PR535.W6 H36 2002
|h Library of Congress classification
|i unmediated -- volume
|m A14829160133
|
| 998 |
f |
f |
|a PR535.W6 H36 2002
|t 0
|l Evans: Library Stacks
|